Teatro
Wedi'i Gadw mewn:
| Prif Awdur: | |
|---|---|
| Fformat: | Llyfr |
| Iaith: | Sbaeneg |
| Cyhoeddwyd: |
Madrid
La Lectura
1924
|
| Cyfres: | Clásicos Castellanos
|
| Pynciau: | |
| Tagiau: |
Ychwanegu Tag
Dim Tagiau, Byddwch y cyntaf i dagio'r cofnod hwn!
|
MARC
| LEADER | 00000nam a2200000 a 4500 | ||
|---|---|---|---|
| 001 | UCX5291 | ||
| 003 | CL-VaPUC | ||
| 008 | 921019e19240000SP |||||||||||||||||spa|d | ||
| 082 | 0 | 4 | |a 862 |b RUE |2 21 |
| 100 | 0 | |a Rueda, Lope de |e author |9 321564 | |
| 245 | 1 | 0 | |a Teatro |
| 300 | |a 272 p | ||
| 942 | |c BK | ||
| 945 | |d 19921019 00:00:00 | ||
| 260 | |a Madrid |b La Lectura |c 1924 | ||
| 650 | 0 | |a Dramas españoles |9 267081 | |
| 583 | |a last modification |c 19921019 00:00:00 |k Rodrigo Vera | ||
| 490 | 0 | |a Clásicos Castellanos | |
| 999 | |c 225581 |d 225579 | ||
| 952 | |0 0 |1 0 |4 0 |6 862_000000000000000_RUE_1924 |7 0 |8 A |9 223199 |a FDOPOS |b FDOPOS |d 2019-11-15 |i 2920492 |o 862 RUE 1924 |p 2920492 |r 2025-01-22 |w 2019-11-15 |y BK |k MLH | ||